Представление документа в формате MARC21

Поле Инд. ПП Название Значение
Тип записи a
Библиографический уровень m
001 Контрольный номер RU/SOUNB/219302
005 Дата корректировки 20150513112055.5
008 Кодируемые данные 100823s2010 RU a### j### ||| 1|rus u
020 a ISBN 978-5-8114-1007-1
040 a Служба первич. каталог. НБ ТвГУ
c Служба, преобразующая запись РГБ
d Организация, изменившая запись NLR
e Правила каталог. rcr
041 a Код языка текста rus
044 a Код страны публикации RU
080 a Индекс УДК 539.19(075.8)
084 a Индекс другой классификации/Индекс ББК В36я73-1
090 a Полочн. индекс В36
x Авторский знак М 33
100 1_ a Автор Матвеев Алексей Николаевич
d Дата 1922-1994
q Полное имя Матвеев А. Н.
245 10 a Заглавие Молекулярная физика
b Продолж. заглавия учебное пособие : [предназначено для студентов физических специальностей вузов]
246 _1 a Другая форма заглавия Molecular physics
250 a Основные сведения об издании 4-е изд., стер.
260 a Место издания Санкт-Петербург
a Место издания Москва
a Место издания Краснодар
c Дата издания 2010
b Издательство Лань
300 a Объем 364 с.
b Иллюстрации/ тип воспроизводства ил., табл.
c Размеры 24 см
440 _0 a Серия Классическая учебная литература по физике
440 _0 a Серия Лучшие классические учебники
440 _0 a Серия Учебники для вузов
440 _0 a Серия Специальная литература
504 a Библиография Предм. указ.: с. 358-360
520 a Аннотация Книга представляет собой второй том курса общей физики (первый том - "Механика и теория относительности"). Изложены основные фундаментальные понятия и закономерности статистической физики и термодинамики на примере молекулярных систем. Подробный анализ классического распределения Максвелла-Больцмана и его следствий проводится в рамках микроканонического ансамбля систем. Каноническое распределение рассматривается как факультативный материал. Приведены также необходимые математические сведения и задачи для самостоятельного решения с ответами. Учебное пособие предназначено для студентов физических специальностей вузов.
653 a Ключевые слова Молекулярная физика
653 a Ключевые слова Учебники для вузов
a Ключевые слова Физика
901 t Тип документа m
920 a Оператор Стру
930 a Новая/Ретро учебники
940 a физико-технический
d общая физика
952 c Вид литературы К ру
954 a Дата поступления на обработку 20111117
990 a Автор заказа (DOS) каф. общей физики
b Заказано (DOS) 20